Determinación de las variables físicas y químicas que afectan la distribución de los indicadores biológicos de la calidad del agua en la parte alta del Río Balsas / José Gilberto Benitez Leana (Registro nro. 24095)

Detalles MARC
000 -LÍDER
fixed length control field 00584nam a2200121 4500
050 ## - SIGNATURA TOPOGRAFICA DE LA BIBLIOTECA DEL CONGRESO (LC)
Número de Clasificación TP155 MR5 B4 2009
082 ## - NUMERO DE CLASIFICACION DECIMAL DEWEY
Número de Clasificación 628.161 B4d
100 ## - ASIENTO PRINCIPAL--NOMBRE PERSONAL
Nombre personal Benitez Leana, José Gilberto
245 ## - TÍTULO
Título Determinación de las variables físicas y químicas que afectan la distribución de los indicadores biológicos de la calidad del agua en la parte alta del Río Balsas / José Gilberto Benitez Leana
300 ## - DESCRIPCIÓN FÍSICA
Extensión 80 p. / 28 cm
502 ## - NOTA DE TESIS
Nota de tesis Memoria de residencia profesional. Opción x. I.T.Z. (Quimica) M.I. Dimna Edaly Alarcón Hern ndez
650 ## - ASIENTO SECUNDARIO DE MATERIA - TERMINO TEMÁTICO
Término temático o nombre geográfico como elemento de entrada 1. ANALISIS DEL AGUA 2. CALIDAD DEL AGUA
Existencias
No. biblioteca No. biblioteca Número de clasificación Código de barras/Número de adquisición Número de copia Tipo de material
LUIS G. INCLAN LUIS G. INCLAN 628.161 B4d Q048-2009 1 Libros
Calzada Tecnológico # 27, Zacatepec, Morelos.
01(734) 343-07-23 / 343-21-10 / 343-21-11
Apdo. Postal 45 C.P 62780